000 00589nam a2200169Ia 4500
008 110201s9999 xx 000 0 und d
082 _bB1523
_aN 75
100 _aकेळूसकर विनय
245 _aनवरी मिळे नवऱ्याला
260 _bत्रिदल प्रकाशन
365 _b12
600 _aकेळूसकर विनय
630 _aनवरी मिळे नवऱ्याला
700 _aकेळूसकर विनय
730 _aनवरी मिळे नवऱ्याला
942 _cBOOK
999 _c828756
_d828753